MARC

LEADER 00000nas a2200000 i 4500
001 ssj0012471
003 WaSeSS
005 20200512172242.0
006 m d
007 cr n
008 050614d19912006gautr pss 0 0eng c
010 |a  2016236839 
022 |y 1052-231X 
035 |a (WaSeSS)ssj0012471 
040 |a OCLCS  |b eng  |e pn  |c OCLCS  |d CO3  |d OCLCQ  |d OCLCF  |d OCLCO  |d OCLCQ  |d OCLCO  |d NOC  |d UKBOL  |d LND  |d GGB  |d WT2  |d OCLCQ  |d WYU  |d VT2  |d OCLCQ  |d WaSeSS 
042 |a pcc 
043 |a n-us--- 
050 4 |a LC5201  |b .A3 
082 0 4 |a 374/.973  |2 20 
130 0 |a Adult basic education (Athens, Ga. : Online) 
245 1 0 |a Adult basic education  |h [electronic resource]. 
260 |a Athens, Ga. :  |b Commission on Adult Basic Education 
260 3 |3 2003-  |a Demorest, Ga. :  |b Commission on Adult Basic Education 
310 |a Three times a year 
362 1 |a Print began with v. 1, no. 1 (spring 1991); ceased with: Volume 16, Number 3 (fall 2006). 
506 |a License restrictions may limit access. 
538 |a Mode of access: World Wide Web. 
588 0 |a Vol. 6, Issue 2 (summer96); title from journal homepage (EBSCOhost Website, viewed Sept. 9, 2016). 
588 1 |a Volume 16, Number 3 (fall 2006) (EBSCOhost Website, viewed Sept. 9, 2016). 
650 0 |a Elementary education of adults  |z United States  |v Periodicals. 
650 0 |a Adult education  |z United States  |v Periodicals. 
650 7 |a Adult education.  |2 fast  |0 (OCoLC)fst00797275 
650 7 |a Elementary education of adults.  |2 fast  |0 (OCoLC)fst00907873 
651 7 |a United States.  |2 fast  |0 (OCoLC)fst01204155 
653 |a Education 
655 0 |a Electronic journals. 
710 2 |a Commission on Adult Basic Education (U.S.) 
776 0 8 |i Print version:  |t Adult basic education (Athens, Ga.)  |x 1052-231X  |w (DLC) 91662278  |w (OCoLC)22218755 
780 0 0 |t Adult literacy & basic education 
785 0 0 |t Adult basic education and literacy journal (Online)  |w (DLC) 2016236838  |w (OCoLC)184908613 
856 4 0 |z Full text available from Research Library: 04/01/1997 to 10/31/2006  |u https://search.proquest.com/publication/30221